| 000 | 01002cam a2200229 4500 | ||
|---|---|---|---|
| 001 | ABS64156 | ||
| 008 | 000000n2001 000 0 eng u | ||
| 035 | _a(Sirsi) u113154 | ||
| 100 | _aMcNally, R. | ||
| 245 | _aBe on the safe side | ||
| 260 | _c2001 | ||
| 490 |
_aEstates Gazette _v(0122) 2 June 2001, 148-149(2) |
||
| 520 | _aConsiders insurable interests in the context of commercial property and how the independent parties involved can best protect their own. Examines the different means by which insurable interests are recorded and the settlement of claims. Also compares how lenders' requirements compare with insurance practice and concluding that the protection of mortgages interests is both costly and time consuming for property owners and needs revision. | ||
| 590 | _aABS | ||
| 650 | _aINSURABLE INTERESTS | ||
| 650 | _aMORTGAGEES | ||
| 650 | _aPROPERTY INTERESTS | ||
| 650 | _aSETTLEMENT OF CLAIMS | ||
| 690 |
_aInsurance _96249 |
||
| 700 | _aRobinson, R. | ||
| 942 | _n0 | ||
| 999 |
_c67377 _d67377 |
||